[Event "Minsk op"]
[Site "Minsk"]
[Date "1996.??.??"]
[Round "6"]
[White "Tunik, Gennady"]
[Black "Litvinov, Vladimir"]
[Result "0-1"]
[WhiteElo "2475"]
[BlackElo "2370"]

1.d4 Nf6 2.Nf3 d5 3.c4 c6 4.Nc3 a6 5.Ne5 e6 6.g3 Nbd7 7.Bg2 Nxe5 8.dxe5 Nd7
9.cxd5 cxd5 10.f4 Bb4 11.Be3 b6 12.Bd4 Bb7 13.O-O O-O 14.e3 Nb8 15.Na4 Nd7
16.Qb3 Ba5 17.Rac1 Rb8 18.Qa3 Re8 19.Rc2 Qe7 20.Qxe7 Rxe7 21.Rfc1 Ree8 22.a3 b5
23.Nc5 Nxc5 24.Bxc5 Rec8 25.b4 Bd8 26.Kf2 f6 27.Bh3 f5 28.g4 Bh4+ 29.Ke2 g6
30.gxf5 gxf5 31.Bg2 Rc7 32.Bf3 Rbc8 33.Kd3 Rg7 34.Rg2 Rxg2 35.Bxg2 Bc6 36.Bd6 Bd7
37.Rxc8+ Bxc8 38.Bf3 Bd7 39.Kd4 Be1 40.Bh5 Bd2 41.Be7 Kg7 42.Kc5 Kh6 43.Bd1 Be8
44.Kd4 Bc1 45.Bg5+ Kg7 46.Bh4 Bxa3 47.Be1 Bc1 48.Bc3 Kh6 49.Be2 Bh5 50.Bf1 Bf3
51.Be1 Kg6 52.Kd3 Be4+ 53.Kd4 Kf7 54.Be2 Ke7 55.Bh5 Bb1 56.Bc3 Kd7 57.Bf7 Bc2
58.Bh5 Be4 59.Be1 Bg2 60.Bc3 Bh3 61.Be2 Bg4 62.Bf1 Kc6 63.Kd3 Bd1 64.Bg2 Ba3
65.Kd2 Bg4 66.Bh1 h5 67.h4 a5 68.bxa5 b4 69.Bd4 Kb5 70.Bb6 b3 71.Bg2 Bb4+
72.Kc1 Be2 73.Kb2 Ka4 74.a6 Bxa6 75.Bd4 Ba3+  0-1

[Event "BLR-ch Minsk"]
[Site "Minsk"]
[Date "1996.??.??"]
[Round "10"]
[White "Mochalov, Evgeny V"]
[Black "Korneevets, Alexander"]
[Result "1-0"]
[WhiteElo "2515"]
[BlackElo "2325"]

1.d4 d5 2.c4 c6 3.Nf3 Nf6 4.Nc3 a6 5.Ne5 Nbd7 6.Nxd7 Bxd7 7.Qb3 Bc8 8.Bg5 e6
9.c5 Be7 10.e3 e5 11.O-O-O Nd7 12.Bxe7 Qxe7 13.Na4 O-O 14.Be2 Rb8 15.Kb1 exd4
16.Rxd4 Nxc5 17.Qa3 b6 18.Rc1 Qf6 19.Nxc5 bxc5 20.Rf4 Bf5+ 21.Ka1 g5 22.Rf3 Qg6
23.Rxc5 h5 24.Qc3 Rb6 25.Qe5 Be6 26.Rf6 Qg7 27.Bxh5 Rc8 28.Rxe6 fxe6 29.Qxe6+ Kh7
30.Bg6+ Qxg6 31.Qxc8 Qd3 32.Qd7+ Kg6 33.Qe8+ Kg7 34.Qe5+  1-0

[Event "Moravia-ch op"]
[Site "Moravia"]
[Date "1996.??.??"]
[Round "?"]
[White "Smistik, Milan"]
[Black "Klima, Lukas"]
[Result "0-1"]
[WhiteElo "2085"]
[BlackElo "2215"]

1.d4 d5 2.Nf3 Nf6 3.c4 c6 4.Nc3 a6 5.cxd5 cxd5 6.Bg5 Ne4 7.Bh4 Nc6 8.e3 Qa5
9.Qa4 Nxc3 10.Qxa5 Nxa5 11.bxc3 Bf5 12.Kd2 e6 13.Bd3 Bxd3 14.Kxd3 Ba3 15.Rab1 b5
16.Ne1 Nc4 17.Rb3 Bd6 18.Bg3 Be7 19.f3 Nb6 20.e4 Kd7 21.Nc2 Rhc8 22.Ne3 f6
23.exd5 exd5 24.a4 Nxa4 25.Nxd5 Bd8 26.Re1 Rc4 27.Re4 Rac8 28.Be1 Kd6 29.Ne3 g6
30.Ra3 R4c6 31.Re8 Be7 32.Rxc8 Rxc8 33.Ra2 f5 34.c4 Bg5 35.c5+ Ke6 36.Re2 Kf7
37.Nd5 Rd8 38.Nc7 Nxc5+ 39.Kc3 Bf6 40.Bf2 Rd7 41.Ne8 Na4+ 42.Kb4 Be7+  0-1

[Event "Moscow Alekhine op"]
[Site "Moscow"]
[Date "1996.??.??"]
[Round "?"]
[White "Tunik, Gennady"]
[Black "Burmakin, Vladimir"]
[Result "1/2-1/2"]
[WhiteElo "2475"]
[BlackElo "2535"]

1.d4 d5 2.c4 c6 3.Nf3 Nf6 4.Nc3 a6 5.e3 b5 6.b3 e6 7.Bd3 Nbd7 8.O-O Be7 9.Qc2 O-O
10.Bb2 h6 11.e4 b4 12.Na4 dxe4 13.Bxe4 Nxe4 14.Qxe4 Qc7 15.Rad1 Bb7 16.Qe3 Rfe8
17.Rd2 Rad8 18.Rfd1 c5 19.Nxc5 Nxc5 20.dxc5 Bxc5 21.Qe5 Qxe5 22.Bxe5 Rxd2
23.Rxd2 Bxf3 24.gxf3 f6 25.Bc7 Kf7 26.Bd8 Be7 27.Bb6 Rb8 28.c5 Rc8 29.Rd7 e5
30.Ra7 Kf8 31.Rxa6 Bxc5 32.Bxc5+ Rxc5 33.Rb6  1/2-1/2

[Event "Moscow Alekhine op"]
[Site "Moscow"]
[Date "1996.??.??"]
[Round "?"]
[White "Chekhov, Valery A"]
[Black "Volkov, Sergey"]
[Result "1-0"]
[WhiteElo "2505"]
[BlackElo "2460"]

1.d4 d5 2.c4 c6 3.Nf3 Nf6 4.Nc3 a6 5.e3 b5 6.b3 Bg4 7.Be2 e6 8.O-O Nbd7 9.Bb2 Bd6
10.Ne5 Bxe2 11.Nxe2 bxc4 12.bxc4 Qb8 13.Qc2 Nxe5 14.dxe5 Bxe5 15.Bxe5 Qxe5
16.cxd5 cxd5 17.Qc6+ Ke7 18.Qb7+ Nd7 19.Nd4 Qd6 20.Nc6+ Kf6 21.f4 Rac8 22.Rac1 Rhf8
23.g4 h6 24.Ne5 Nc5 25.g5+ hxg5 26.fxg5+ Kxe5 27.Qb2+ d4 28.Rcd1 Na4 29.Qf2 Qe7
30.Qf4+ Kd5 31.Rxd4+ Kc6 32.Rxa4 Kb7 33.Rb1+ Ka7 34.Rxa6+  1-0

[Event "Moscow Alekhine op"]
[Site "Moscow"]
[Date "1996.??.??"]
[Round "?"]
[White "Yuferov, Sergey  N"]
[Black "Burmakin, Vladimir"]
[Result "1/2-1/2"]
[WhiteElo "2440"]
[BlackElo "2535"]

1.d4 d5 2.c4 c6 3.Nf3 Nf6 4.Nc3 a6 5.cxd5 cxd5 6.Bf4 e6 7.e3 b5 8.Bd3 Bb7
9.O-O Bd6 10.Ne5 O-O 11.a4 b4 12.Na2 Nc6 13.Nc1 Bxe5 14.Bxe5 Nxe5 15.dxe5 Nd7
16.Nb3 Rc8 17.f4 Nc5 18.Nd4 a5 19.Bb5 Qb6 20.Rf3 Rc7 21.Rh3 f6 22.Bd3 g6
23.exf6 Rxf6 24.Rg3 Ba6 25.Bxa6 Qxa6 26.Rc1 Rc8 27.Rf3 Ne4 28.Rf1 Rff8  1/2-1/2

[Event "Moscow IM6"]
[Site "Moscow"]
[Date "1996.??.??"]
[Round "?"]
[White "Mitenkov, Alexey"]
[Black "Seoev, Robert"]
[Result "1-0"]
[WhiteElo "2445"]
[BlackElo "2205"]

1.d4 c6 2.c4 d5 3.Nf3 Nf6 4.Nc3 a6 5.a4 g6 6.e3 Bg7 7.Be2 O-O 8.O-O Be6 9.b3 c5
10.Ba3 dxc4 11.bxc4 cxd4 12.Nxd4 Nc6 13.Nxe6 Qxd1 14.Rfxd1 fxe6 15.Rab1 Rab8
16.Bf3 Kf7 17.Ne4 Nxe4 18.Bxe4 Rfd8 19.Kf1 Na5 20.Rdc1 Be5 21.Ke2 Rd7 22.Bb4 Nc6
23.Be1 Bc7 24.h4 Bd6 25.c5 Be5 26.f4 Bc7 27.g4 a5 28.Rd1 Rxd1 29.Rxd1 Rc8
30.Rb1 Nd8 31.Rb5 e5 32.f5  1-0

[Event "Moscow-C"]
[Site "Moscow"]
[Date "1996.??.??"]
[Round "?"]
[White "Mitenkov, Alexey"]
[Black "Klichev, Mikhail"]
[Result "1-0"]
[WhiteElo "2445"]
[BlackElo "2260"]

1.d4 d5 2.c4 c6 3.Nf3 Nf6 4.Nc3 a6 5.a4 g6 6.e3 Bg7 7.Be2 O-O 8.O-O Bg4 9.Qb3 b6
10.Bd2 Ne4 11.Rfd1 e6 12.h3 Bxf3 13.Bxf3 Nxd2 14.Rxd2 Nd7 15.Rc1 Ra7 16.cxd5 exd5
17.Ne2 Nb8 18.Nf4 a5 19.Rdc2 Re8 20.g3 Rd7 21.Kg2 Rd6 22.h4 Bh6 23.Nd3 Bg7
24.Qa3 Qe7 25.Rc3 Qe6 26.b4 axb4 27.Qxb4 c5 28.Qb5 cxd4 29.exd4 Bxd4 30.Re1  1-0

[Event "Moscow-C"]
[Site "Moscow"]
[Date "1996.??.??"]
[Round "?"]
[White "Semenov, Valeri"]
[Black "Klichev, Mikhail"]
[Result "0-1"]
[WhiteElo "2375"]
[BlackElo "2260"]

1.Nf3 d5 2.d4 Nf6 3.c4 c6 4.Nc3 a6 5.Ne5 g6 6.cxd5 cxd5 7.g3 Bg7 8.Bg2 O-O
9.O-O e6 10.Bg5 Nc6 11.Nxc6 bxc6 12.Na4 h6 13.Bf4 Nd7 14.Qd2 Nb6 15.Nxb6 Qxb6
16.Bd6 Qxd4 17.Qxd4 Bxd4 18.Bxf8 Kxf8 19.Rac1 Bd7 20.Rc2 Ke7 21.Rd1 Ba7 22.e3 a5
23.b3 f5 24.Bf3 e5 25.Bxd5 cxd5 26.Rxd5 Bb8 27.Rcc5 Be6 28.Rd2 Bd6 29.Rb5 Ra7
30.Rb6 Bb4 31.Rc2 Rd7 32.Kg2 g5 33.f3 g4 34.fxg4 fxg4 35.Kf2 Bf5 36.Rc4 Rd2+
37.Kg1 Be6 38.Rc7+ Bd7 39.Rxh6 Rd1+ 40.Kf2 Kd8 41.Ra7 Rd2+ 42.Kg1 Bc5 43.Rh8+ Ke7
44.Rxa5 Bxe3+ 45.Kf1 Ke6 46.Rh5 Bd4 47.b4 Bc8 48.a3 Bb7 49.Ke1 Rb2 50.Kd1 Bf3+
51.Kc1 Rf2 52.Rh6+ Kf5 53.Rh5+ Ke4 54.a4 Kd3 55.Kb1 Rf1+ 56.Ka2  0-1

[Event "Moscow IM4"]
[Site "Moscow"]
[Date "1996.??.??"]
[Round "?"]
[White "Lymar, Irina"]
[Black "Klichev, Mikhail"]
[Result "0-1"]
[WhiteElo "2210"]
[BlackElo "2260"]

1.d4 d5 2.Nf3 Nf6 3.c4 c6 4.Nc3 a6 5.a4 g6 6.Bg5 Ne4 7.Bh4 Bg7 8.e3 O-O 9.Qb3 Nxc3
10.bxc3 dxc4 11.Bxc4 Nd7 12.a5 Nf6 13.O-O h6 14.Ne5 e6 15.f4 Qd6 16.Rf3 Bd7
17.g4 Rab8 18.f5 Ne4 19.Rd1 Bxe5 20.dxe5 Qxe5 21.Rxd7 Nc5 22.Qc2 Nxd7 23.fxe6 Qc5
24.Rxf7 Rxf7 25.Qxg6+ Rg7 26.exd7+ Qxc4 27.Qe8+ Kh7 28.h3 Rf7 29.Bf2 Rf8
30.Qe7+ Qf7 31.Qe4+ Kg8  0-1

[Event "Moscow-C"]
[Site "Moscow"]
[Date "1996.??.??"]
[Round "?"]
[White "Vasilevich, Tatjana"]
[Black "Klichev, Mikhail"]
[Result "1-0"]
[WhiteElo "2270"]
[BlackElo "2260"]

1.d4 d5 2.c4 c6 3.Nf3 Nf6 4.Nc3 a6 5.Ne5 g6 6.g3 Bg7 7.Bg2 O-O 8.O-O b5 9.cxb5 cxb5
10.Bg5 Be6 11.Rc1 b4 12.Na4 Nbd7 13.Nc6 Qe8 14.Nxb4 h6 15.Bd2 Ne4 16.Be3 f5
17.Rc6 Bf7 18.Rxa6 e5 19.dxe5 Rxa6 20.Nxa6 Nxe5 21.Bd4 Nc4 22.Bxg7 Kxg7 23.Qd4+ Kh7
24.b3 Ncd6 25.Nc7 Qc6 26.Qb6 Qd7 27.Na6 Re8 28.Rc1 Rc8 29.Rxc8 Qxc8 30.N6c5  1-0

[Event "RUS-Cup2"]
[Site "Moscow"]
[Date "1996.??.??"]
[Round "1"]
[White "Gorelov, Sergey G"]
[Black "Kazarova, Irina"]
[Result "1-0"]
[WhiteElo "2485"]
[BlackElo "2225"]

1.Nf3 d5 2.d4 Nf6 3.c4 c6 4.Nc3 a6 5.Ne5 e6 6.Bf4 Nbd7 7.e3 Be7 8.Bd3 O-O
9.Qc2 dxc4 10.Nxc4 Nb6 11.Nxb6 Qxb6 12.O-O h6 13.h3 Qd8 14.a3 Bd6 15.Bxd6 Qxd6
16.Na4 Rb8 17.f4 Rd8 18.Rac1 Nd5 19.Qf2 Bd7 20.e4 Ne7 21.e5 Qc7 22.Nc5 Nd5
23.g4 Be8 24.f5 exf5 25.gxf5 Qe7 26.f6 gxf6 27.Qf5 Qc7 28.Qh7+ Kf8 29.Qxh6+ Kg8
30.Rc2  1-0

[Event "RUS-Cup2"]
[Site "Moscow"]
[Date "1996.??.??"]
[Round "3"]
[White "Sergienko, Sergey"]
[Black "Kazarova, Irina"]
[Result "1-0"]
[WhiteElo "2425"]
[BlackElo "2225"]

1.d4 d5 2.c4 c6 3.Nf3 Nf6 4.Nc3 a6 5.c5 g6 6.Bf4 Bg7 7.h3 O-O 8.e3 Nbd7 9.Be2 Ne8
10.O-O Nc7 11.b4 Re8 12.Qb3 e5 13.dxe5 Nxe5 14.Rad1 Qe7 15.Na4 Nxf3+ 16.Bxf3 Be5
17.Bxe5 Qxe5 18.Rfe1 Be6 19.Nb2 f5 20.Nd3 Qf6 21.g3 Qe7 22.Nf4 Bf7 23.Qb1 Rad8
24.Ne2 Ne6 25.Nd4 Nxd4 26.Rxd4 Ra8 27.Rc1 Qc7 28.Kg2 Rec8 29.Qb2 Rf8 30.Rf4 Rfe8
31.a4 Qe5 32.Rd4 Qe7 33.Rc3 Rec8 34.Rc1 Re8 35.Qc3 Qd7 36.Be2 Qc7 37.Bd3 Qe7
38.Rb1 Rec8 39.Rc1 Re8 40.Rc2 Qc7 41.Rb2 Rec8 42.g4 fxg4 43.hxg4 Be6 44.Rb1 Rf8
45.Rh1 Qf7 46.Rf4 Qg7 47.Qxg7+ Kxg7 48.Rd4 h6 49.Kg3 Rad8 50.Rb1 Rc8 51.Be2 Rc7
52.f4 Re8 53.Kf2 Bc8 54.Bf3 Kf6 55.Rh1 Kg7 56.Ke2 Rce7 57.Rd3 Be6 58.Kd2 Rc7
59.Kc3 Ra8 60.Kd4 Re7 61.Rd2 Bd7 62.Rdh2 Rh8 63.Rh4 Be6 64.Be2 Bd7 65.Bd3 Bc8
66.f5 gxf5 67.gxf5 Rf7 68.Rg1+ Kf8 69.Ke5 Re7+ 70.Kf4 Rf7 71.Rg6 h5 72.Rd6 Ke7
73.Ke5 Ke8 74.f6 Rh6 75.Be2 Bd7 76.Bxh5 Kf8  1-0

[Event "RUS-Cup2"]
[Site "Moscow"]
[Date "1996.??.??"]
[Round "6"]
[White "Kharitonov, Andrei Y"]
[Black "Komliakov, Viktor"]
[Result "1/2-1/2"]
[WhiteElo "2540"]
[BlackElo "2450"]

1.d4 d5 2.c4 c6 3.Nf3 Nf6 4.Nc3 a6 5.Ne5 Nbd7 6.Bf4 Nxe5 7.dxe5 d4 8.exf6 dxc3
9.Qxd8+ Kxd8 10.fxe7+ Bxe7 11.bxc3 Bf6 12.Rc1 a5 13.e4 a4 14.Be2 Re8 15.f3 Be6
16.Kf2 a3 17.Rc2 Kc8 18.Bd6 Bd8 19.Rb1 Bc7 20.Bxc7 Kxc7 21.g4 Ra5 22.h4 f6
23.h5 h6 24.Rd2 Raa8 25.Ke3 c5 26.Rb3 Bd7 27.Kf4 b6 28.Bf1 Bc6 29.Bd3 Bd7
30.Re2 Red8 31.Re3 Be6 32.Rb1 Rd6 33.Bf1 Rd2 34.Ra1  1/2-1/2

[Event "RUS-Cup2"]
[Site "Moscow"]
[Date "1996.??.??"]
[Round "7"]
[White "Rychagov, Andrei"]
[Black "Volkov, Sergey"]
[Result "1-0"]
[WhiteElo "2375"]
[BlackElo "2485"]

1.d4 d5 2.c4 c6 3.Nf3 Nf6 4.Nc3 a6 5.c5 Nbd7 6.Bf4 Nh5 7.Bd2 g6 8.g3 Bg7
9.Bg2 O-O 10.O-O Re8 11.e4 dxe4 12.Nxe4 Ndf6 13.Nc3 Be6 14.Re1 Bd5 15.Nxd5 Nxd5
16.Qb3 Qc7 17.Rad1 a5 18.Qa4 Nhf6 19.Ne5 Nd7 20.Nc4 Bxd4 21.Bxa5 Bxc5 22.Bxd5 cxd5
23.Rxd5 Nb6 24.Qb5 Qc6 25.Qxc6 bxc6 26.Rxc5 Nxc4 27.Bc3 Nb6 28.Rxc6 Nd5 29.a3 Reb8
30.Re2 Rb3 31.Bd4 f6 32.Rd2 Kf7 33.Kf1 g5 34.Ke2 Rab8 35.Rc5 Nb6 36.Rc3 Na4
37.Rxb3 Rxb3 38.Rd3 Rb7 39.b3 e5 40.Be3 Nb2 41.Rc3 e4 42.a4 Rd7 43.Bb6 f5
44.a5 f4 45.gxf4 gxf4 46.Rc7 Ke6 47.Rxd7 Kxd7 48.f3 exf3+ 49.Kd2 Kc6 50.Kc2 Na4
51.bxa4  1-0

[Event "Moscow-ch"]
[Site "Moscow"]
[Date "1996.??.??"]
[Round "8"]
[White "Granovski, Aleksandar"]
[Black "Zamanov, Ansar M"]
[Result "1-0"]
[WhiteElo "2250"]
[BlackElo "2390"]

1.d4 d5 2.Nf3 Nf6 3.c4 c6 4.Nc3 a6 5.cxd5 cxd5 6.Bf4 Nc6 7.e3 Bg4 8.Be2 e6
9.O-O Be7 10.Ne1 Bxe2 11.Qxe2 Ne4 12.Rc1 g5 13.Nxe4 dxe4 14.Bg3 h5 15.h3 f5
16.f3 h4 17.Bh2 Qd5 18.fxe4 Qxe4 19.Qd3 Qd5 20.Qc4 Rd8 21.Bc7 Rd7 22.Qxd5 Rxd5
23.Nd3 O-O 24.Ne5 Nxe5 25.Bxe5 Bd6 26.Bxd6 Rxd6 27.Rc7 Rf7 28.Rfc1 Rdd7 29.R7c5 Kg7
30.Kf2 Kg6 31.Ke2 Rf8 32.R1c3 Kf7 33.Rb3 Kf6 34.Rb6 Kf7 35.a3 Rg8 36.Re5  1-0

[Event "RUS-Cup2"]
[Site "Moscow"]
[Date "1996.??.??"]
[Round "9"]
[White "Shipov, Sergei"]
[Black "Volkov, Sergey"]
[Result "0-1"]
[WhiteElo "2535"]
[BlackElo "2485"]

1.d4 d5 2.c4 c6 3.Nf3 Nf6 4.Nc3 a6 5.g3 Bf5 6.Bg2 e6 7.O-O h6 8.Ne5 Be7 9.Bf4 O-O
10.Qb3 b5 11.cxd5 cxd5 12.Rac1 Qb6 13.Rfd1 g5 14.Be3 Qd6 15.f3 Nbd7 16.Nd3 Rfc8
17.a3 Rab8 18.Nb1 Rc4 19.Bf2 Qc6 20.Rc3 Qb7 21.g4 Bh7 22.e3 a5 23.Bf1 b4
24.axb4 Bxd3 25.Bxd3 Rxb4 26.Qa3 Bd6 27.Rc2 Qb6 28.Be1 Rxd4 29.Qxa5 Rxd3
30.Rxd3 Ne5 31.Qxb6 Rxb6 32.Rd1 Nxf3+ 33.Kf2 Nxh2 34.Rc8+ Kh7 35.Bc3 Nhxg4+
36.Kf3 e5 37.Nd2 Kg6  0-1

[Event "JUG-ch op"]
[Site "Nis"]
[Date "1996.??.??"]
[Round "3"]
[White "Abramovic, Bosko"]
[Black "Zhukova, Natalia"]
[Result "1-0"]
[WhiteElo "2490"]
[BlackElo "2355"]

1.d4 d5 2.Nf3 Nf6 3.c4 c6 4.Nc3 a6 5.cxd5 cxd5 6.Bf4 Nc6 7.Ne5 e6 8.e3 Nxe5
9.dxe5 Nd7 10.Bd3 b5 11.O-O Bb7 12.Ne2 Be7 13.Nd4 O-O 14.Rc1 Rc8 15.Qg4 Re8
16.Bh6 Bf8 17.Rxc8 Bxc8 18.f4 Qa5 19.Qg3 Kh8 20.Bg5 Nb6 21.f5 exf5 22.Nxf5 Nc4
23.Nxg7  1-0

[Event "Oberwart op"]
[Site "Oberwart"]
[Date "1996.??.??"]
[Round "5"]
[White "Baumegger, Siegfried"]
[Black "Gaertner, Guntram"]
[Result "1/2-1/2"]
[WhiteElo "2310"]
[BlackElo "2380"]

1.d4 d5 2.c4 c6 3.Nc3 Nf6 4.Nf3 a6 5.a4 g6 6.e3 Bg7 7.Be2 O-O 8.O-O a5 9.Qb3 Na6
10.Bd2 Nb4 11.Rfd1 Be6 12.Be1 dxc4 13.Bxc4 Bxc4 14.Qxc4 Qb6 15.Rac1 Rfd8
16.Ne5 e6 17.b3 Nbd5 18.Nd3 Bf8 19.Ne2 Ne4 20.Qc2 Nef6 21.Nc5 Nb4 22.Qc4 Na2
23.Ra1 Nb4 24.Bxb4 axb4 25.a5 Qc7 26.Qxb4 Bxc5 27.dxc5 Rxd1+ 28.Rxd1 Nd5
29.Qd4 e5 30.Qc4  1/2-1/2

[Event "RUS-chT"]
[Site "Orel"]
[Date "1996.??.??"]
[Round "?"]
[White "Shtyrenkov, Veniamen"]
[Black "Ragozin, Evgeni"]
[Result "1/2-1/2"]
[WhiteElo "2465"]
[BlackElo "2475"]

1.d4 d5 2.c4 c6 3.Nf3 Nf6 4.Nc3 a6 5.cxd5 cxd5 6.Ne5 Nbd7 7.Bf4 e6 8.e3 Nxe5
9.Bxe5 Bd6 10.Bg3 Bxg3 11.hxg3 Bd7 12.Bd3 Bc6 13.Rc1 h6 14.a3 Qd6 15.Ne2 O-O
16.O-O Rfc8 17.Qb3 g5 18.Qb4 Qxb4 19.axb4 Bb5 20.Bxb5 axb5 21.Rxc8+ Rxc8
22.Rc1 Rxc1+  1/2-1/2

[Event "ESP-chT"]
[Site "Oropesa del Mar"]
[Date "1996.??.??"]
[Round "4"]
[White "Bellon Lopez, Juan Manuel"]
[Black "Magem Badals, Jorge"]
[Result "1-0"]
[WhiteElo "2490"]
[BlackElo "2570"]

1.d4 d5 2.c4 c6 3.Nf3 Nf6 4.Nc3 a6 5.cxd5 cxd5 6.Bg5 e6 7.e3 Be7 8.Bd3 Nbd7
9.O-O O-O 10.Nd2 b5 11.f4 b4 12.Na4 Bb7 13.Rc1 Qa5 14.Nc5 Nxc5 15.Rxc5 Qb6
16.Bxf6 Bxf6 17.Qa4 Rac8 18.Rfc1 g5 19.Qd1 h6 20.Qg4 Rxc5 21.Rxc5 Rc8 22.Nb3 Kh8
23.Qh3 Kg7 24.Qg3 Kf8 25.Qh3 Kg7 26.g3 Be7 27.fxg5 Bxg5 28.Kf2 Rxc5 29.Nxc5 Bc8
30.Qg4 Kf8 31.Bxa6 Qd8 32.Qf3 Be7 33.Bxc8 Qxc8 34.Qe2 e5 35.Qh5 Bg5 36.Qf3 Qh3
37.Kg1 e4 38.Qf2 Qg4 39.Nb7 Qd7 40.Nc5 Qg4 41.Kg2 Kg7 42.h3 Qd1 43.h4 Bd8
44.Nd7 f6 45.Nc5 Qg4 46.Qf4 Qe2+ 47.Kh3 Kf7 48.Qf5 h5 49.Qxd5+ Kg6 50.Qxe4+ f5
51.Qe8+ Kh6 52.Qe6+  1-0

[Event "Komercni Banka op"]
[Site "Pardubice"]
[Date "1996.??.??"]
[Round "1"]
[White "Neuman, Petr"]
[Black "Tolstikh, Nikolay"]
[Result "1-0"]
[WhiteElo "2205"]
[BlackElo "2420"]

1.d4 d5 2.c4 c6 3.Nf3 Nf6 4.Nc3 a6 5.c5 Nbd7 6.Bf4 g6 7.e3 Bg7 8.Be2 Nh5
9.O-O Nxf4 10.exf4 Qc7 11.g3 f6 12.f5 e5 13.Qc2 Nf8 14.Nh4 e4 15.Nxe4 dxe4
16.Qxe4+ Kd8 17.Bc4 Bxf5 18.Nxf5 gxf5 19.Qxf5 Qd7 20.Qf3 Ng6 21.Rad1 Kc7
22.Qb3 Ne7 23.Rfe1 Kb8 24.Re6 Rd8 25.Rde1 Nf5 26.Qb6 Bf8 27.Rxf6 Nxd4 28.Rf7 Qc8
29.Kg2 Rd7 30.Re4 a5 31.Rxd4 Rxd4 32.Be6 Rb4 33.Qxb4 axb4 34.Bxc8 Bxc5 35.Be6  1-0

[Event "Komercni Banka op"]
[Site "Pardubice"]
[Date "1996.??.??"]
[Round "2"]
[White "Grunina, Elena"]
[Black "Fuksik, Jakub"]
[Result "1-0"]
[WhiteElo "2090"]
[BlackElo "2230"]

1.d4 d5 2.c4 c6 3.Nf3 Nf6 4.Nc3 a6 5.cxd5 cxd5 6.Bf4 Nc6 7.g3 Ne4 8.Bg2 Nxc3
9.bxc3 e6 10.O-O Be7 11.Ne5 Na5 12.e4 O-O 13.Qh5 b5 14.exd5 exd5 15.Nxf7 Rxf7
16.Bxd5 g6 17.Bxf7+  1-0

[Event "Komercni Banka op"]
[Site "Pardubice"]
[Date "1996.??.??"]
[Round "3"]
[White "Evseev, Denis"]
[Black "Svobodova, Michaela"]
[Result "1-0"]
[WhiteElo "2395"]
[BlackElo "2175"]

1.d4 d5 2.c4 c6 3.Nf3 Nf6 4.Nc3 a6 5.Ne5 Nbd7 6.Bf4 e6 7.e3 Nxe5 8.dxe5 Ne4
9.Nxe4 dxe4 10.Qxd8+ Kxd8 11.O-O-O+ Ke8 12.g4 f5 13.exf6 gxf6 14.Bc7 Bd7
15.Be2 Rc8 16.Ba5 Bc5 17.h4 Rg8 18.g5 f5 19.Bc3 Rd8 20.Bh5+ Kf8 21.Rd2 Rg6
22.Bxg6 hxg6 23.Bf6 Be7 24.Rhd1 Ke8 25.Bxe7 Kxe7 26.h5 gxh5 27.g6 h4 28.Rxd7+  1-0

[Event "Komercni Banka op"]
[Site "Pardubice"]
[Date "1996.??.??"]
[Round "6"]
[White "Spesny, Jan"]
[Black "Betko, Lubomir"]
[Result "1/2-1/2"]
[WhiteElo "2330"]
[BlackElo "2225"]

1.d4 Nf6 2.c4 c6 3.Nc3 d5 4.Nf3 a6 5.Bf4 Ne4 6.e3 Nxc3 7.bxc3 g6 8.h3 Bg7
9.Bd3 O-O 10.O-O Nd7 11.cxd5 cxd5 12.c4 dxc4 13.Bxc4 Nb6 14.Bb3 Nd5 15.Bh2 Bf5
16.Rc1 Nf6 17.Nd2 Rc8 18.Qe2 Ne4 19.Nc4 b5 20.Ne5 Nd6 21.Qb2 Bxe5 22.Bxe5 Nc4
23.Bxc4 bxc4 24.Qc3 Qd7 25.Bf4 Rfd8 26.Rfd1 f6 27.Bg3 Bd3 28.Rd2 Rc6 29.Rb2 Qe6
30.Rd1 Rb6 31.Rdd2 Rd5 32.a4 Qc6 33.f3 Rxb2 34.Rxb2 Qxa4 35.Rb4 Qd1+ 36.Kh2 Kf7
37.Rxc4 Rb5 38.Rb4 Bf1 39.Rxb5 axb5 40.Qb2 b4 41.e4 b3 42.Bf4 Bd3 43.d5 Qc2
44.Qxc2 bxc2 45.Bc1 Ke8 46.Kg1 Kd7 47.Kf2 h5 48.h4  1/2-1/2

[Event "Komercni Banka op"]
[Site "Pardubice"]
[Date "1996.??.??"]
[Round "6"]
[White "Volodin, Viktor"]
[Black "Fuksik, Jakub"]
[Result "0-1"]
[WhiteElo "2330"]
[BlackElo "2230"]

1.Nf3 Nf6 2.c4 c6 3.d4 d5 4.Nc3 a6 5.cxd5 cxd5 6.Bf4 Nc6 7.e3 Bg4 8.Be2 e6
9.O-O Be7 10.a3 O-O 11.b4 Rc8 12.Qb3 Ne4 13.Rfc1 Bxf3 14.gxf3 Nd6 15.Na4 Bg5
16.Bg3 Nxd4 17.Qd3 Nxe2+ 18.Qxe2 Bf6 19.Rab1 Nc4 20.Rb3 Nxa3 21.Nc5 Nb5 22.Qd2 Qe7
23.e4 b6 24.Nxa6 Qb7 25.e5 Rxc1+ 26.Qxc1 Be7 27.f4 Qxa6 28.f5 Nd4  0-1

[Event "Policka op"]
[Site "Policka"]
[Date "1996.??.??"]
[Round "6"]
[White "Ivanov, Timur"]
[Black "Dovzik, Juri"]
[Result "1-0"]
[WhiteElo "2370"]
[BlackElo "2400"]

1.Nf3 d5 2.d4 Nf6 3.c4 c6 4.Nc3 a6 5.e3 b5 6.b3 Bg4 7.Be2 e6 8.O-O Be7 9.h3 Bxf3
10.Bxf3 O-O 11.Qc2 Ra7 12.Bb2 Nbd7 13.Rfd1 Qb8 14.e4 b4 15.Na4 dxe4 16.Bxe4 Nxe4
17.Qxe4 Rc8 18.Rd3 Bf6 19.Rad1 g6 20.Bc1 Qd6 21.Bf4 Qf8 22.Qe3 Rb7 23.Nc5 Nxc5
24.dxc5 Qe7 25.Bh6 a5 26.Rd6 Bg7 27.Bxg7 Kxg7 28.Qe4 Rbc7 29.h4 h5 30.g3 Qf6
31.Kg2 Qf5 32.Qxf5 gxf5 33.Rd8 a4 34.Rxc8 Rxc8 35.Rd7 axb3 36.axb3 Ra8 37.Rb7 Ra5
38.Rxb4 Rxc5 39.Rb6 Kf6 40.f4 e5 41.Kf3 Ke6 42.Ra6  1-0

[Event "CZE-ch U18"]
[Site "Prague"]
[Date "1996.??.??"]
[Round "8"]
[White "Hozda, David"]
[Black "Jirka, Jiri"]
[Result "0-1"]
[WhiteElo "1770"]
[BlackElo "1940"]

1.d4 d5 2.c4 c6 3.Nc3 Nf6 4.Nf3 a6 5.cxd5 cxd5 6.e3 Bg4 7.Be2 e6 8.Qb3 b5
9.Ne5 Bxe2 10.Kxe2 Nbd7 11.Nxd7 Qxd7 12.Bd2 Bd6 13.Rac1 O-O 14.g3 Rfe8 15.Kf3 e5
16.Kg2 Qf5 17.Ne2 Ne4 18.Be1 Ng5 19.Ng1 exd4 20.h4 Ne6 21.Nf3 dxe3 22.fxe3 Nc5
23.Qa3 Nd3 24.Qxd6 Rxe3  0-1

[Event "CRO-Cup"]
[Site "Pula"]
[Date "1996.??.??"]
[Round "?"]
[White "Lalic, Bogdan"]
[Black "Golubovic, Boris"]
[Result "1-0"]
[WhiteElo "2575"]
[BlackElo "2385"]

1.d4 d5 2.c4 c6 3.Nf3 Nf6 4.Nc3 a6 5.Bg5 Ne4 6.h4 b5 7.cxd5 cxd5 8.e3 Bb7
9.Bd3 Nd7 10.Qb3 Qa5 11.O-O Nxg5 12.Nxg5 e6 13.e4 dxe4 14.Bxe4 Bxe4 15.Ncxe4 Nf6
16.Nxf7 Kxf7 17.Ng5+ Ke8 18.Qxe6+  1-0

[Event "CRO-Cup"]
[Site "Pula"]
[Date "1996.??.??"]
[Round "?"]
[White "Rosandic, Denis"]
[Black "Bukal, Vladimir Sr"]
[Result "1/2-1/2"]
[WhiteElo "2295"]
[BlackElo "2435"]

1.d4 d5 2.c4 c6 3.Nf3 Nf6 4.Nc3 a6 5.e3 b5 6.b3 Bg4 7.Be2 e6 8.O-O Nbd7 9.Bb2 Be7
10.h3 Bh5 11.Ne5 Bxe2 12.Nxe2 Nxe5 13.dxe5 Nd7 14.cxd5 cxd5 15.Rc1  1/2-1/2

[Event "EU-ch U16"]
[Site "Rimavska Sobota"]
[Date "1996.??.??"]
[Round "1"]
[White "Stamenkovic, Dejan"]
[Black "Kundin, Alexander"]
[Result "0-1"]
[WhiteElo "2255"]
[BlackElo "2225"]

1.d4 d5 2.c4 c6 3.Nf3 Nf6 4.Nc3 a6 5.a4 e6 6.Bg5 Bb4 7.Qb3 a5 8.e3 O-O 9.Bd3 h6
10.Bh4 b6 11.O-O Ba6 12.Rfd1 Nbd7 13.Rac1 Bb7 14.Na2 Be7 15.c5 Rb8 16.Bg3 bxc5
17.Bxb8 Qxb8 18.Qc3 Qa7 19.dxc5 Nxc5 20.Qd4 Nfd7 21.Qf4 Bf6 22.e4 Bxb2 23.Rb1 Bf6
24.e5 Bd8 25.Qd4 Bb6 26.Qh4 Nxd3 27.Rxd3 Nc5 28.Rc3 Ne4 29.Rc2 Ba6 30.Rcb2 Bxf2+
31.Rxf2 g5 32.Qxh6 Qxf2+ 33.Kh1 Qxa2 34.Re1 Rb8 35.Nxg5 Nxg5 36.Qxg5+ Kf8
37.Qh6+ Kg8 38.Qg5+ Kf8 39.Qh6+ Ke7 40.Qf6+ Kd7 41.Qxf7+ Kc8 42.Qxe6+ Kb7
43.Qd7+ Kb6 44.Qh7 Rb7 45.Qh4 Rg7 46.Qh3 Bd3 47.Qe3+ Kb7 48.Rg1 Be4 49.Qh3 Bxg2+  0-1

[Event "Salokangas op"]
[Site "Salokangas"]
[Date "1996.??.??"]
[Round "4"]
[White "Veingold, Aleksandr"]
[Black "Maidla, Vallo"]
[Result "1-0"]
[WhiteElo "2425"]
[BlackElo "2370"]

1.d4 Nf6 2.Nf3 d5 3.c4 c6 4.Nc3 a6 5.c5 Nbd7 6.Bf4 g6 7.h3 Bg7 8.e3 b6 9.cxb6 Qxb6
10.Qc2 c5 11.Bd3 cxd4 12.exd4 O-O 13.O-O a5 14.Rfe1 e6 15.Na4 Qa7 16.Rac1 Ba6
17.Bxa6 Qxa6 18.Qc6 Qxc6 19.Rxc6 Rfc8 20.Rec1 Rxc6 21.Rxc6 h6 22.Kf1 g5 23.Bh2 g4
24.hxg4 Nxg4 25.Bf4 Ndf6 26.Bd2 Ne4 27.Be1 Ng5 28.Nb6 Ra7 29.a4 e5 30.Nxe5 Nxe5
31.dxe5 Bxe5 32.Nxd5 Bxb2 33.Rc5 Bd4 34.Rxa5 Rd7 35.Rb5 Ne4 36.f3 Nd6  1-0

[Event "Sarospatak op"]
[Site "Sarospatak"]
[Date "1996.??.??"]
[Round "?"]
[White "Kovacs, Tamas"]
[Black "Mihok, Laszlo"]
[Result "1-0"]
[WhiteElo "2155"]
[BlackElo "2225"]

1.Nf3 d5 2.d4 Nf6 3.c4 c6 4.Nc3 a6 5.Bg5 Ne4 6.Bh4 Nxc3 7.bxc3 dxc4 8.e4 b5
9.Qc2 g6 10.Be2 Bg7 11.O-O Nd7 12.Rfd1 Nf6 13.Ne5 Bb7 14.Rab1 Qc8 15.f4 e6
16.Rf1 O-O 17.Bf3 Nd7 18.a4 f6 19.Ng4 Qe8 20.Ne3 Nb6 21.a5 Nc8 22.Nxc4 Qd7
23.Ne3 Qc7 24.f5 exf5 25.exf5 g5 26.Bg3 Qxa5 27.Rfe1 Qd8 28.Qb3+ Kh8 29.Rbd1 Re8
30.Ng4 Nd6 31.Rxe8+ Nxe8 32.Qf7 Ra7 33.Bxc6 Nd6 34.Bxd6 Qxd6  1-0

[Event "Sas van Gent op U20"]
[Site "Sas van Gent"]
[Date "1996.??.??"]
[Round "9"]
[White "Martin, David"]
[Black "Schneider, Stefan"]
[Result "1-0"]
[WhiteElo "2155"]
[BlackElo "2225"]

1.d4 d5 2.c4 c6 3.Nf3 Nf6 4.Nc3 a6 5.a4 g6 6.g3 Bg7 7.Bg2 O-O 8.O-O Ne4 9.cxd5 Nxc3
10.bxc3 cxd5 11.Bf4 Nc6 12.Qb1 Na5 13.Nd2 Bg4 14.e4 Be6 15.Re1 Rc8 16.Qb4 dxe4
17.Bxe4 Bd5 18.Rac1 Bxe4 19.Rxe4 Re8 20.Rce1 Bf8 21.Qb2 Qd7 22.Nb3 Nc4 23.Qa2 b6
24.a5 b5 25.Nc5 Qc6 26.R4e2 Rcd8 27.Bg5 f6 28.Re6 Qf3 29.Bxf6 Qxc3 30.Nxa6 b4
31.Nc5 Kf7 32.Qe2 Qd2 33.Qxc4  1-0